<?xml version="1.0" encoding="UTF-8"?>
<record
    xmlns:xsi="http://www.w3.org/2001/XMLSchema-instance"
    xsi:schemaLocation="http://www.loc.gov/MARC21/slim http://www.loc.gov/standards/marcxml/schema/MARC21slim.xsd"
    xmlns="http://www.loc.gov/MARC21/slim">

  <leader>01141nam0a2200277   4500</leader>
  <controlfield tag="001">RU\NLR\ONL2\15015</controlfield>
  <controlfield tag="005">20260406163939.0</controlfield>
  <datafield tag="035" ind1=" " ind2=" ">
    <subfield code="a">(NLR Aleph) 009662600</subfield>
  </datafield>
  <datafield tag="090" ind1=" " ind2=" ">
    <subfield code="a">9620934</subfield>
    <subfield code="c">9620934</subfield>
  </datafield>
  <datafield tag="100" ind1=" " ind2=" ">
    <subfield code="a">20091005d1950    |||y0rusy50      ca</subfield>
  </datafield>
  <datafield tag="101" ind1="0" ind2=" ">
    <subfield code="a">tuk</subfield>
  </datafield>
  <datafield tag="102" ind1=" " ind2=" ">
    <subfield code="a">RU</subfield>
  </datafield>
  <datafield tag="105" ind1=" " ind2=" ">
    <subfield code="a">c |||||||||</subfield>
  </datafield>
  <datafield tag="200" ind1="1" ind2=" ">
    <subfield code="a">&#x422;&#x431;&#x438;&#x43B;&#x438;&#x441;&#x438;-&#x421;&#x442;&#x430;&#x43B;&#x438;&#x43D; &#x441;&#x430;&#x439;&#x43B;&#x430;&#x432; &#x43E;&#x43A;&#x440;&#x443;&#x433;&#x44B;&#x43D;&#x44B;&#x43D; &#x441;&#x430;&#x439;&#x43B;&#x430;&#x432;&#x447;&#x44B;&#x43B;&#x430;&#x440;&#x44B;&#x43D;&#x44B;&#x43D; &#x439;&#x44B;&#x433;&#x43D;&#x430;&#x433;&#x44B;&#x43D;&#x434;&#x430; &#x441;&#x4E9;&#x437;&#x43B;&#x44D;&#x43D; &#x441;&#x4E9;&#x437;&#x438;</subfield>
    <subfield code="e">1950-&#x43D;&#x436;&#x438; &#x439;., 9-&#x43D;&#x436;&#x44B; &#x43C;&#x430;&#x440;&#x442;</subfield>
    <subfield code="f">&#x41B;. &#x41F;. &#x411;&#x435;&#x440;&#x438;&#x44F;</subfield>
  </datafield>
  <datafield tag="210" ind1=" " ind2=" ">
    <subfield code="a">&#x410;&#x448;&#x433;&#x430;&#x431;&#x430;&#x442;</subfield>
    <subfield code="c">&#x422;&#x443;&#x440;&#x43A;&#x43C;&#x435;&#x43D;&#x434;&#x4E9;&#x432;&#x43B;&#x435;&#x442;&#x43D;&#x435;&#x448;&#x438;&#x440;</subfield>
    <subfield code="d">1950</subfield>
  </datafield>
  <datafield tag="215" ind1=" " ind2=" ">
    <subfield code="a">30,[1] &#x441;&#x430;&#x445;.</subfield>
    <subfield code="c">&#x43F;&#x43E;&#x440;&#x442;&#x440;.</subfield>
    <subfield code="d">19</subfield>
  </datafield>
  <datafield tag="541" ind1="1" ind2=" ">
    <subfield code="a">&#x420;&#x435;&#x447;&#x44C; &#x43D;&#x430; &#x441;&#x43E;&#x431;&#x440;&#x430;&#x43D;&#x438;&#x438; &#x438;&#x437;&#x431;&#x438;&#x440;&#x430;&#x442;&#x435;&#x43B;&#x435;&#x439; &#x422;&#x431;&#x438;&#x43B;&#x438;&#x441;&#x441;&#x43A;&#x43E;&#x433;&#x43E;-&#x421;&#x442;&#x430;&#x43B;&#x438;&#x43D;&#x441;&#x43A;&#x43E;&#x433;&#x43E; &#x438;&#x437;&#x431;&#x438;&#x440;&#x430;&#x442;&#x435;&#x43B;&#x44C;&#x43D;&#x43E;&#x433;&#x43E; &#x43E;&#x43A;&#x440;&#x443;&#x433;&#x430;.</subfield>
    <subfield code="z">rus</subfield>
  </datafield>
  <datafield tag="686" ind1="1" ind2=" ">
    <subfield code="a">&#x425;620.526.4</subfield>
  </datafield>
  <datafield tag="700" ind1=" " ind2="1">
    <subfield code="4">070</subfield>
    <subfield code="8">rus</subfield>
    <subfield code="7">ca</subfield>
    <subfield code="a">&#x411;&#x435;&#x440;&#x438;&#x44F;</subfield>
    <subfield code="b">&#x41B;. &#x41F;.</subfield>
    <subfield code="f">1899-1953</subfield>
    <subfield code="g">&#x41B;&#x430;&#x432;&#x440;&#x435;&#x43D;&#x442;&#x438;&#x439; &#x41F;&#x430;&#x432;&#x43B;&#x43E;&#x432;&#x438;&#x447;</subfield>
    <subfield code="3">RU\NLR\auth\7710402</subfield>
    <subfield code="9">120179</subfield>
  </datafield>
  <datafield tag="801" ind1=" " ind2="0">
    <subfield code="a">RU</subfield>
    <subfield code="b">NLR</subfield>
    <subfield code="c">20091005</subfield>
    <subfield code="g">PSBO</subfield>
  </datafield>
  <datafield tag="852" ind1=" " ind2=" ">
    <subfield code="a">NLR</subfield>
    <subfield code="b">&#x41E;&#x41D;&#x41B;</subfield>
    <subfield code="j">&#x422;&#x443;&#x440;&#x43A;./2-681</subfield>
  </datafield>
  <datafield tag="942" ind1=" " ind2=" ">
    <subfield code="c">BOOK</subfield>
  </datafield>
  <datafield tag="980" ind1=" " ind2=" ">
    <subfield code="a">NB</subfield>
  </datafield>
  <datafield tag="980" ind1=" " ind2=" ">
    <subfield code="a">ONL_RF</subfield>
  </datafield>
  <datafield tag="995" ind1=" " ind2=" ">
    <subfield code="5">2013-10-26</subfield>
    <subfield code="b">NLR01</subfield>
    <subfield code="c">NLR01</subfield>
    <subfield code="e">ONL</subfield>
    <subfield code="f">9662600-10</subfield>
    <subfield code="k">&#x422;&#x443;&#x440;&#x43A;./2-681</subfield>
    <subfield code="o">0</subfield>
    <subfield code="r">BOOK</subfield>
    <subfield code="s">2681_</subfield>
  </datafield>
</record>
